000
00311nam a22001217a 4500
003
SGT
082
_a
920
_b
B21B
100
_a
भाटिया, सूरज
245
_a
बंदा सिंह बहादुर
260
_b
विद्या विहार
_c
2021
300
_a
184
942
_2
ddc
_c
BK
999
_c
31978
_d
31978